DEVELOPMENTAL PSYCHOLOGY: A LIFE- SPAN APPROACH (Record no. 16469)

MARC details
000 -LEADER
fixed length control field 00339nam a22001457a 4500
003 - CONTROL NUMBER IDENTIFIER
control field SGT
020 ## - INTERNATIONAL STANDARD BOOK NUMBER
International Standard Book Number 978-0-07-099363-1
082 ## - DEWEY DECIMAL CLASSIFICATION NUMBER
Classification number 150
Item number D18H
100 ## - MAIN ENTRY--PERSONAL NAME
Personal name HURLOCK, ELIZABETH
245 ## - TITLE STATEMENT
Title DEVELOPMENTAL PSYCHOLOGY: A LIFE- SPAN APPROACH
250 ## - EDITION STATEMENT
Edition statement 5TH
260 ## - PUBLICATION, DISTRIBUTION, ETC. (IMPRINT)
Place of publication, distribution, etc INDIA
Name of publisher, distributor, etc MCGRAW HILL
Year of Publication 2018
300 ## - PAGE DESCRIPTION
No. of Pages 477
942 ## - ADDED ENTRY ELEMENTS (KOHA)
Source of classification or shelving scheme Dewey Decimal Classification
Koha item type Books
Holdings
Withdrawn status Lost status Source of classification or shelving scheme Damaged status Not for loan Collection code Home library Current library Shelving location Date acquired Vendor Name Cost, normal purchase price SGTU Bill Number Total Checkouts Full call number Accession No. (Barcode) Date last seen Bill Date Koha item type
    Dewey Decimal Classification     NURSING SGT Medical Library SGT Medical Library Reference Book 08/01/2019 ABC 735.00 SGTU 10396   150 D18H FN3803 08/01/2019 08/12/2018 Books
    Dewey Decimal Classification     NURSING SGT Medical Library SGT Medical Library Reference Book 08/01/2019 ABC 735.00 SGTU 10396   150 D18H FN3804 08/01/2019 08/12/2018 Books
    Dewey Decimal Classification     NURSING SGT Medical Library SGT Medical Library Reference Book 08/01/2019 ABC 735.00 SGTU 10396   150 D18H FN3805 08/01/2019 08/12/2018 Books